Geologie und Bauwesen.

Bibliographic Details
New Title:Felsmechanik und Ingenieurgeologie
Format: Journal
Language:German
Published: Vienna : Springer Verlag, [1929-1962]
Subjects:
Online Availability: Check for online availability

MARC

Tag First Indicator Second Indicator Subfields
LEADER 00000cas a2200000 a 4500
001 in00000632425
005 20151015052624.0
008 760317d19291962au x6p 0uuub0germd
010 |a sn 79001178  
012 |e n 
022 0 |a 0367-4126 
035 |a (OCoLC)02054126 
035 |9 ACU2340AM 
040 |a COO  |c COO  |d NSD  |d TXA  |d UtOrBLW 
042 |a nsdp 
049 |a TXAE 
090 |a QE1  |b .G492 
222 0 |a Geologie und Bauwesen 
245 0 0 |a Geologie und Bauwesen. 
264 1 |a Vienna :  |b Springer Verlag,  |c [1929-1962] 
300 |a 28 volumes :  |b illustrations ;  |c 25 cm. 
336 |a text  |b txt  |2 rdacontent 
337 |a unmediated  |b n  |2 rdamedia 
338 |a volume  |b nc  |2 rdacarrier 
362 0 |a Vol. 1 (Jan. 1929)- v. 28, no. 1 (July 1962). 
650 0 |a Geology  |v Periodicals. 
650 0 |a Building materials  |v Periodicals. 
785 0 0 |t Felsmechanik und Ingenieurgeologie  |x 0430-2966 
999 |a MARS 
999 f f |s 492ead5f-32f2-3026-b9ca-9bea7302ddd7  |i ef2b3a50-bb8f-326c-b421-49c12b75586e  |t 0 
952 f f |a Texas A&M University  |b Rellis Campus  |c Joint Library Facility  |d Remote Storage  |e QE1 .G492  |h Library of Congress classification  |i unmediated -- volume  |k v.23-24  |l 1957-1959  |m A14852811919  |p ric  |s JLF  |t 0 
952 f f |a Texas A&M University  |b Rellis Campus  |c Joint Library Facility  |d Remote Storage  |e QE1 .G492  |h Library of Congress classification  |i unmediated -- volume  |k v.22  |l 1956  |m A14852812024  |p ric  |s JLF  |t 0 
952 f f |a Texas A&M University  |b Rellis Campus  |c Joint Library Facility  |d Remote Storage  |e QE1 .G492  |h Library of Congress classification  |i unmediated -- volume  |k v.25-26  |l 1959-1961  |m A14852811802  |p ric  |s JLF  |t 0 
952 f f |a Texas A&M University  |b Rellis Campus  |c Joint Library Facility  |d Remote Storage  |e QE1 .G492  |h Library of Congress classification  |i unmediated -- volume  |k v.16  |l 1946/1948  |m A14852812123  |p ric  |s JLF  |t 0 
952 f f |a Texas A&M University  |b Rellis Campus  |c Joint Library Facility  |d Remote Storage  |e QE1 .G492  |h Library of Congress classification  |i unmediated -- volume  |k v.27  |l 1961/1962  |m A14821566416  |p ric  |s JLF  |t 0 
998 f f |a QE1 .G492  |s v.22-27 (1956-1961/1962)  |t 0  |l Remote Storage